000 00505nam a2200193 a 4500
001 1754970809832
003 YourLibrary
005 20250812111415.0
008 250812s1996##################000#0#eng##
020 _a9780792396796
082 0 4 _a006.7
_bHAL
100 1 _aHall, Wendy,
_eauthor.
245 1 0 _aRethinking Hypermedia :
260 _bSpringer Science & Business Media,
_c1996.
300 _a224 pages
650 0 _aComputers.
942 _cENGLISH
040 _aYourLibrary
_beng
_cYourLibrary
999 _c580798
_d580798